Reporting on a 1950 fall conference, Fourth District Education Association, Elizabethtown, Kentucky. (Record no. 22184)
[ view plain ]
| 000 -LEADER | |
|---|---|
| fixed length control field | 01121cam a22002891 4500 |
| 001 - CONTROL NUMBER | |
| control field | e 52000064 |
| 003 - CONTROL NUMBER IDENTIFIER | |
| control field | DLC |
| 005 - DATE AND TIME OF LATEST TRANSACTION | |
| control field | 20260227111235.0 |
| 008 - FIXED-LENGTH DATA ELEMENTS--GENERAL INFORMATION | |
| fixed length control field | 840817s1951 kyu 100 0 eng c |
| 010 ## - LIBRARY OF CONGRESS CONTROL NUMBER | |
| LC control number | e 52000064 |
| 035 ## - SYSTEM CONTROL NUMBER | |
| System control number | (OCoLC)11066283 |
| 040 ## - CATALOGING SOURCE | |
| Original cataloging agency | U.S. Office of Education. Library |
| Transcribing agency | DNIE |
| Modifying agency | DLC |
| 042 ## - AUTHENTICATION CODE | |
| Authentication code | premarc |
| 043 ## - GEOGRAPHIC AREA CODE | |
| Geographic area code | n-us-ky |
| 050 00 - LIBRARY OF CONGRESS CALL NUMBER | |
| Classification number | L152 |
| Item number | .B35 vol. 19, no. 5 |
| 100 1# - MAIN ENTRY--PERSONAL NAME | |
| Personal name | Combs, Louise. |
| 245 00 - TITLE STATEMENT | |
| Title | Reporting on a 1950 fall conference, Fourth District Education Association, Elizabethtown, Kentucky. |
| Remainder of title | Theme: Better schools through improved home-school relations. |
| Statement of responsibility, etc. | [Prepared by Louise Combs and Nona Burress. |
| 260 ## - PUBLICATION, DISTRIBUTION, ETC. | |
| Place of publication, distribution, etc. | Frankfort, |
| Date of publication, distribution, etc. | 1951] |
| 300 ## - PHYSICAL DESCRIPTION | |
| Extent | [223]-289 p. |
| Dimensions | 23 cm. |
| 490 1# - SERIES STATEMENT | |
| Series statement | Kentucky. Dept. of Education. Educational bulletin, |
| Volume/sequential designation | v. 19, no. 5 |
| 500 ## - GENERAL NOTE | |
| General note | Cover title. |
| 650 #0 - SUBJECT ADDED ENTRY--TOPICAL TERM | |
| Topical term or geographic name entry element | Teachers |
| General subdivision | Training of |
| Geographic subdivision | Kentucky. |
| 650 #0 - SUBJECT ADDED ENTRY--TOPICAL TERM | |
| Topical term or geographic name entry element | Education |
| Geographic subdivision | Kentucky. |
| 700 1# - ADDED ENTRY--PERSONAL NAME | |
| Personal name | Burress, Nona, |
| Relator term | joint author. |
| 740 0# - ADDED ENTRY--UNCONTROLLED RELATED/ANALYTICAL TITLE | |
| Uncontrolled related/analytical title | Better schools through improved home-school relations. |
| 810 10 - SERIES ADDED ENTRY--CORPORATE NAME | |
| Corporate name or jurisdiction name as entry element | Kentucky. |
| Subordinate unit | Department of Education. |
| Title of a work | Educational bulletin, |
| Volume/sequential designation | v. 19, no. 5. |
No items available.